Catálogo

Vista normal Vista MARC

Entrada Personal Name

Número de registros utilizados en: 1

001 - CONTROL NUMBER

  • control field: 5196

003 - CONTROL NUMBER IDENTIFIER

  • control field: DLC

005 - DATE AND TIME OF LATEST TRANSACTION

  • control field: 20210223112111.0

008 - FIXED-LENGTH DATA ELEMENTS

  • fixed length control field: 850515n| acannaabn |n aaa

010 ## - LIBRARY OF CONGRESS CONTROL NUMBER

  • LC control number: n 85102058

035 ## - SYSTEM CONTROL NUMBER

  • System control number: (OCoLC)oca01348069

040 ## - CATALOGING SOURCE

  • Original cataloging agency: DLC
  • Language of cataloging: spa
  • Transcribing agency: Mx-PuUPA
  • Modifying agency: OCoLC
  • Modifying agency: Mx-PuUPA
  • Description conventions: rda

046 ## - SPECIAL CODED DATES

  • Birth date: 19500307

100 1# - HEADING--PERSONAL NAME

  • Personal name: Ferber, Rafael
  • Dates associated with a name: 1950-

372 ## - FIELD OF ACTIVITY

  • Field of activity: Filosofía

373 ## - ASSOCIATED GROUP

  • Associated group: Universidad de Zurich

374 ## - OCCUPATION

  • Occupation: Autor
  • Occupation: Catedrático de filosofía

375 ## - GENDER

  • Gender: hombre

377 ## - ASSOCIATED LANGUAGE

  • Language code: fre

670 ## - SOURCE DATA FOUND

  • Source citation: His Platos Idee des Guten, 1984:
  • Information found: t.p. (Rafael Ferber)

678 ## - BIOGRAPHICAL OR HISTORICAL DATA

  • Biographical or historical data: Facebook logo Twitter logo Rafael Ferber (1950) es catedrático de filosofía de la Universidad de Zurich, donde se dedica a la docencia desde 1984, y desde el año 2000 entra también como profesor en la Universidad de Lucerna. Sus áreas de investigación principales son filosofía antigua - Platón y Aristóteles-, y filosofía sistemática. Es miembro activo de la Internationale Platongesellschaft (Asociación platonista internacional), fundada en 1989.